Reforma agraria para el subdesarrollo /

Сохранить в:
Библиографические подробности
Главный автор: Martinez Escamilla, Ramón
Формат: Текст
Предметы:
Метки: Добавить метку
Нет меток, Требуется 1-ая метка записи!

MARC

LEADER 00000 a a2200000 04500
001 41657
003
040
100 |a Martinez Escamilla, Ramón  
245 |a Reforma agraria para el subdesarrollo /  |c Ramón Martinez Escamilla  
650 |a REFORMA AGRARIA  
650 |a SECTOR AGROPECUARIO  
650 |a DESARROLLO AGROPECUARIO  
650 |a POBLACION RURAL  
650 |a MEXICO  
773 |g volumen2, número9 ( , 1971), páginas 29-40  
999 |c 34209  |d 34209